Bête Noire (CD áudio) (Registo nº 202446)

Detalhes MARC
000 -Etiqueta do registo
Valores 00368nam 22001453 4500
100 ## - Dados gerais de processamento
Dados gerais 20260605d u||y0pory50 ba
200 ## - Titulo e menção de responsabilidade
Título próprio Bête Noire (CD áudio)
Primeira menção de responsabilidade Bryan Ferry
210 ## - Publicação
Local de publicação Lisboa
Nome do editor Virgin Records
Data de publicação 1987
606 ## - Nome comum usado como assunto
ID Autoridade 1103
Palavra de ordem Música
675 ## - CDU
Notação 78
700 ## - Autor principal (pessoa individual)
ID Autoridade 17451
Apelido Ferry
Nome Bryan
Datas 1945-
801 ## - Fonte de origem
País PT
Agência BMMN
Regras de catalogação RPC
990 ## - Elementos KOHA
Tipo de documento CD Música
Exemplares
Aquisição Código de barras Cota Permissão de empréstimo Tipo de documento Empréstimo Forma de aquisição
Biblioteca Municipal de Montemor-o-Novo 31935 78 FER (est)|DEP   CD Música Biblioteca Municipal de Montemor-o-Novo Compra

Powered by Koha